|
|
|
|
| LEADER |
01014nam a2200253 a 4500 |
| 001 |
00026368 |
| 008 |
121227s2010 ii b 000 0 eng d |
| 020 |
|
|
|a 9788125039570
|
| 040 |
|
|
|a BD-DhAAL
|c BD-DhAAL
|
| 082 |
0 |
0 |
|a 823/.8
|2 22
|
| 100 |
1 |
|
|a Dickens,Charles.
|
| 245 |
1 |
0 |
|a Hard Times /
|c Charles Dickens, abridged by S. V. Krishnan and edited by Seetha Srinivasan
|
| 260 |
|
|
|a Hyderabad :
|b Orient BlackSwan,
|c 2010
|
| 300 |
|
|
|a xx, 169 p. :
|c 23 cm.
|
| 490 |
|
|
|a Orient Blackswan Abridged Texts.
|
| 504 |
|
|
|a Includes bibliographical references (p. [171])
|
| 541 |
|
|
|e 00026368
|
| 650 |
|
0 |
|a England
|v Fiction
|
| 650 |
|
0 |
|a Social Problems
|v Fiction
|
| 700 |
1 |
|
|a Krishnan, S. V.
|
| 700 |
1 |
|
|a Srinivasan, Seetha.
|
| 852 |
1 |
|
|a Ayesha Abed Library
|j General shelf
|
| 999 |
|
|
|c 13054
|d 13054
|
| 952 |
|
|
|0 0
|1 0
|2 ddc
|4 0
|6 823_800000000000000_DIC
|7 0
|9 21686
|a BRACUL
|b BRACUL
|c GEN
|d 2012-12-27
|e ENH
|l 4
|m 4
|o 823.8 DIC
|p 3010026368
|r 2025-11-11
|s 2025-10-07
|t 1
|w 2012-12-26
|y BK
|x Transferred from ENH to Ayesha Abed library on 20/12/2023
|